| 000 | 00687nam a2200241 a 4500 | ||
|---|---|---|---|
| 001 | 000045721 | ||
| 003 | DO-SdBNP | ||
| 005 | 20180328100124.0 | ||
| 007 | 000045721 | ||
| 008 | 150506s2010 dr a 000 0 spa d | ||
| 040 |
_aBPMSU _bspa _cBPMSU |
||
| 092 |
_axxxx _bxxxx |
||
| 100 | 1 | _aDamirón, Anya | |
| 245 | 1 | 4 |
_aLos viajes de Tomás / _cAnya Damirón, ilustrado por Pablo Pino. |
| 260 |
_aSanto Domingo : _bLucia Stories, _c2010. |
||
| 300 |
_a[16] p. : _bil. ; _c21 cm. |
||
| 490 | 1 | _aLucia Stores | |
| 700 | 1 | 2 |
_aPino, Pablo, _eil. |
| 830 | 0 | _aLucia Stores | |
| 942 |
_2ddc _cBK |
||
| 945 | _aRemanejado para la BNPHU / 2018 VM | ||
| 956 |
_aVMATEO _b10 _c20151117 _lBPMSU _h00151 |
||
| 999 |
_c8764 _d8764 |
||